Führer durch das Museum der ägyptischen Altertümer zu Kairo /
Corporate Author:
Other Authors:
Format: Book
Language: German
Published:
Kairo :
Deutsche buchhandlung,
1935.
Subjects:
Tags: Add Tag
Call Number: DT59 .C243 D4 1935
| LEADER | 00752namaa2200241 4500 | ||
|---|---|---|---|
| 001 | 19095 | ||
| 003 | OSt | ||
| 005 | 20260510151321.0 | ||
| 008 | 130303s1935 ua e c 000 0 ger d | ||
| 040 | |c ARCE Library | ||
| 043 | |a f-ua--- | ||
| 050 | 4 | |a DT59 .C243 D4 1935 | |
| 110 | 2 | |6 880-01 |a Matḥaf al-Miṣrī. | |
| 245 | 1 | 0 | |a Führer durch das Museum der ägyptischen Altertümer zu Kairo / |c von Alfred Hermann. |
| 264 | 1 | |a Kairo : |b Deutsche buchhandlung, |c 1935. | |
| 300 | |a 92 pages : |b plans ; |c 18 cm. | ||
| 610 | 2 | 0 | |a Matḥaf al-Miṣiī |v Catalogs. |
| 651 | 0 | |a Egypt |x Antiquities |v Catalogs. | |
| 700 | 1 | |a Hermann, Alfred, |d 1904-1967. | |
| 880 | 2 | |6 110-01/(3/r |a متحف المصري | |
| 901 | |a reviewed | ||
| 942 | |c BK |2 lcc | ||
| 999 | |c 16104 |d 16104 | ||
